000 00471nam a2200181Ia 4500
001 23215
005 20260414150922.0
008 260414t2012||||xx |||||||||||||| ||spa||
041 _aESP
082 _a627
_bI23 T. 1
100 _aIbañez, Walter
_eAUT
245 0 _aManual de costos y presupuestos de obras hidráulicas y de saneamiento T. I
_b
260 _c2012
300 _a766 páginas :
_c25 cm.
650 _a0
654 _aCIC
942 _cLIB
_dJUS
_fJUS
_2ddc
_n
999 _c23215
_d23215